|
|
|
|
| LEADER |
00000nas a22000007a 4500 |
| 001 |
ssj0059081 |
| 003 |
WaSeSS |
| 005 |
20200512172242.0 |
| 006 |
m d |
| 007 |
cr n |
| 008 |
060330c20049999dcuar ss 0 a0eng c |
| 010 |
|
|
|a 2006213341
|
| 022 |
|
|
|a 1931-745X
|l 1931-7441
|y 1931-7441
|
| 035 |
|
|
|a (WaSeSS)ssj0059081
|
| 037 |
|
|
|b Academx Publishing Services, Inc., 547 Country Ridge Circle, Bel Air, MD 21015
|
| 040 |
|
|
|a HUA
|b eng
|c HUA
|d DLC
|d NSD
|d OCLCQ
|d OCLCF
|d OCLCO
|d OCLCQ
|d OCLCO
|d NTG
|d WaSeSS
|
| 042 |
|
|
|a pcc
|a nsdp
|
| 082 |
1 |
0 |
|a 105
|2 13
|
| 130 |
0 |
|
|a Eudaimonia (Online)
|
| 222 |
|
0 |
|a Eudaimonia
|b (Online)
|
| 245 |
1 |
0 |
|a Eudaimonia
|h [electronic resource] :
|b the Georgetown philosophical review.
|
| 246 |
3 |
0 |
|a Georgetown Philosophical review
|
| 260 |
|
|
|a Washington, DC :
|b Dept. of Philosophy, Georgetown University,
|c 2004-
|
| 310 |
|
|
|a Annual
|
| 362 |
0 |
|
|a Vol. 1, no. 1 (spring 2004)-
|
| 500 |
|
|
|a Title from journal information screen (ProQuest, viewed Sept. 14, 2005).
|
| 506 |
|
|
|a License restrictions may limit access.
|
| 538 |
|
|
|a Mode of access: World Wide Web.
|
| 588 |
|
|
|a Latest issue consulted: Vol. 2, issue 1 (spring 2005) (publisher's Web site viewed on May 3, 2006).
|
| 650 |
|
0 |
|a Philosophy
|v Periodicals.
|
| 650 |
|
7 |
|a Philosophy.
|2 fast
|0 (OCoLC)fst01060777
|
| 655 |
|
0 |
|a Electronic journals.
|
| 773 |
0 |
|
|t ProQuest.
|
| 776 |
1 |
|
|t Eudaimonia
|x 1931-7441
|w (DLC) 2006202701
|w (OCoLC)68043952
|
| 856 |
4 |
0 |
|z Full text available from Research Library: 04/01/2004 to Spring 2007
|u https://search.proquest.com/publication/51536
|